MARC
|
|
|
|
| LEADER |
00000nam0a2200000 4500 |
| 001 |
41034 |
| 005 |
20231101210650.0 |
| 010 |
|
|
|a 5708402105
|
| 010 |
|
|
|a 5-7846-0067-2
|
| 035 |
|
|
|a (RuTPU)RU\TPU\book\42101
|
| 090 |
|
|
|a 41034
|
| 100 |
|
|
|a 20020604d2001 m y0rusy50 ca
|
| 101 |
0 |
|
|a rus
|
| 102 |
|
|
|a RU
|
| 105 |
|
|
|a y j 001zy
|
| 200 |
1 |
|
|a Задачник по истории науки
|a От Фалеса до Ньютона
|e Около 600 задач по истории науки
|f С. Г. Смирнов
|
| 210 |
|
|
|a Москва
|c Мирос
|c Наука/Интерпериодика
|d 2001
|
| 215 |
|
|
|a 268 с.
|
| 320 |
|
|
|a Основные события истории науки и культуры: с. 315-366
|
| 606 |
1 |
|
|a Наука
|x История
|2 stltpush
|3 (RuTPU)RU\TPU\subj\45075
|9 64337
|
| 610 |
1 |
|
|a античность
|
| 610 |
1 |
|
|a средние века
|
| 610 |
1 |
|
|a 16 век
|
| 610 |
1 |
|
|a 17 век
|
| 610 |
1 |
|
|a задачи
|
| 610 |
1 |
|
|a решения
|
| 610 |
1 |
|
|a учебные пособия
|
| 686 |
|
|
|a Ч213я73
|v LBC/SL-A
|2 rubbk
|
| 700 |
|
1 |
|a Смирнов
|b С. Г.
|g Сергей Георгиевич
|
| 801 |
|
1 |
|a RU
|b 63413507
|c 20020604
|g PSBO
|
| 801 |
|
2 |
|a RU
|b 63413507
|c 20130314
|g PSBO
|
| 942 |
|
|
|c BK
|